[Event "GER-ch U12"]
[Site "Oberhof"]
[Date "2013.05.23"]
[Round "8"]
[White "Schmidt, Sarah"]
[Black "Bureik, Nicolas"]
[Result "1/2-1/2"]
[WhiteElo "1194"]
[BlackElo "1183"]
[PlyCount "45"]
[EventDate "2013.05.19"]
[EventType "swiss"]
[EventRounds "11"]
[EventCountry "GER"]
[SourceTitle "CBM 154 Extra"]
[Source "ChessBase"]
[SourceDate "2013.06.25"]
[SourceVersion "2"]
[SourceVersionDate "2013.06.25"]
[SourceQuality "1"]

1. e4 d5 2. exd5 Qxd5 3. Nc3 Qd6 4. d4 Nf6 5. Bc4 a6 6. Nge2 b5 7. Bd3 Bb7 8. Bf4 Qb6 9. 0-0 e6 10. Qd2 Bd6 11. Rfe1 Qc6 12. f3 0-0 13. Rad1 Qb6 14. Qe3 Bxf4 15. Nxf4 Nbd7 16. Ne4 Rac8 17. c3 Rfe8 18. b3 Nxe4 19. fxe4 Nf6 20. Bc2 c5 21. dxc5 Qxc5 22. Qxc5 Rxc5 23. Re3 1/2-1/2

[Event "GER-ch U12"]
[Site "Oberhof"]
[Date "2013.05.20"]
[Round "3"]
[White "Petersen, Marcel"]
[Black "Schmidt, Sarah"]
[Result "1/2-1/2"]
[WhiteElo "1582"]
[BlackElo "1194"]
[PlyCount "145"]
[EventDate "2013.05.19"]
[EventType "swiss"]
[EventRounds "11"]
[EventCountry "GER"]
[SourceTitle "CBM 154 Extra"]
[Source "ChessBase"]
[SourceDate "2013.06.25"]
[SourceVersion "2"]
[SourceVersionDate "2013.06.25"]
[SourceQuality "1"]

1. e4 d5 2. exd5 Nf6 3. d4 Nxd5 4. c4 Nb6 5. Nf3 Bf5 6. Nc3 e6 7. Be2 N8d7 8. 0-0 Bb4 9. a3 Bxc3 10. bxc3 c5 11. a4 a5 12. Ba3 Qc7 13. Qb3 0-0 14. Qb5 Rfc8 15. Rac1 Qc6 16. Qxc6 Rxc6 17. d5 exd5 18. cxd5 Nxd5 19. Bb5 Rb6 20. Bxd7 Bxd7 21. Bxc5 Rc6 22. Bd4 f6 23. Nd2 Re6 24. Nb3 b6 25. Ra1 Rc8 26. Rfc1 Nf4 27. Kf1 Ne2 28. Rc2 Nxd4 29. Nxd4 Re4 30. Raa2 Kf7 31. f3 Re3 32. Ra3 Rc4 33. Nb5 Rxa4 34. Rxa4 Bxb5+ 35. Kf2 Bxa4 36. Rb2 Rxc3 37. Rxb6 Rc5 38. Ke3 Rb5 39. Ra6 Ke7 40. Ra7+ Kf8 41. f4 Rd5 42. h3 Ke8 43. Rxg7 Rd7 44. Rg8+ Kf7 45. Ra8 Rd5 46. g4 Be8 47. f5 a4 48. Ke4 Rd6 49. Ra7+ Kg8 50. Ke3 Rd1 51. h4 Rh1 52. h5 a3 53. Kf3 Rh3+ 54. Kf4 Bf7 55. g5 a2 56. gxf6 Kf8 57. Ra8+ Be8 58. Rxa2 Rxh5 59. Ra7 Bf7 60. Ra8+ Be8 61. Ke5 Rh1 62. Ra7 Re1+ 63. Kf4 h5 64. Kg5 Rg1+ 65. Kf4 Rf1+ 66. Kg5 h4 67. Rh7 Rg1+ 68. Kf4 Rf1+ 69. Ke5 Re1+ 70. Kf4 Rf1+ 71. Kg5 Rg1+ 72. Kf4 Rf1+ 73. Ke5 1/2-1/2

[Event "GER-ch U12"]
[Site "Oberhof"]
[Date "2013.05.20"]
[Round "4"]
[White "Schmidt, Sarah"]
[Black "Heldt, Nils Lennart"]
[Result "0-1"]
[WhiteElo "1194"]
[BlackElo "1499"]
[PlyCount "102"]
[EventDate "2013.05.19"]
[EventType "swiss"]
[EventRounds "11"]
[EventCountry "GER"]
[SourceTitle "CBM 154 Extra"]
[Source "ChessBase"]
[SourceDate "2013.06.25"]
[SourceVersion "2"]
[SourceVersionDate "2013.06.25"]
[SourceQuality "1"]

1. e4 e5 2. Nf3 Nc6 3. c3 Nf6 4. d4 exd4 5. e5 Nd5 6. cxd4 Bb4+ 7. Bd2 Bxd2+ 8. Nbxd2 0-0 9. Be2 d6 10. h3 dxe5 11. Nxe5 Nxe5 12. dxe5 Nf4 13. Bf3 Qd4 14. g3 Qxe5+ 15. Be2 Nxe2 16. Qxe2 Qxb2 17. Nb3 Qc3+ 18. Qd2 Re8+ 19. Kf1 Qc4+ 20. Kg1 Qe2 21. Qd4 Bf5 22. Qd2 Qxd2 23. Nxd2 Re2 24. Nb3 Rae8 25. Kf1 Bd3 26. Kg1 Re1+ 27. Rxe1 Rxe1+ 28. Kh2 Rxh1+ 29. Kxh1 Bc4 30. Nc1 Kf8 31. Kg2 Ke7 32. Kf3 Ke6 33. Ke4 c5 34. f4 b5 35. g4 b4 36. f5+ Kd6 37. Nb3 Bd5+ 38. Kd3 c4+ 39. Kc2 cxb3+ 40. axb3 Ke5 41. h4 f6 42. h5 h6 43. Kb2 Kd4 44. Kc2 a5 45. Kb2 Kd3 46. Ka2 Kc3 47. Kb1 Kd2 48. Kb2 Be4 49. Ka1 Kc2 50. Ka2 Bd5 51. Ka1 a4 0-1

[Event "GER-ch U12"]
[Site "Oberhof"]
[Date "2013.05.19"]
[Round "2"]
[White "Schmidt, Sarah"]
[Black "Renger, Niklas"]
[Result "0-1"]
[WhiteElo "1194"]
[BlackElo "1815"]
[PlyCount "94"]
[EventDate "2013.05.19"]
[EventType "swiss"]
[EventRounds "11"]
[EventCountry "GER"]
[SourceTitle "CBM 154 Extra"]
[Source "ChessBase"]
[SourceDate "2013.06.25"]
[SourceVersion "2"]
[SourceVersionDate "2013.06.25"]
[SourceQuality "1"]

1. e4 c5 2. d4 cxd4 3. c3 dxc3 4. Nxc3 Nc6 5. Bb5 d6 6. Nf3 a6 7. Bc4 e6 8. 0-0 Be7 9. Re1 Nf6 10. e5 dxe5 11. Qxd8+ Bxd8 12. Nxe5 Nxe5 13. Rxe5 0-0 14. Bg5 Ng4 15. Re4 f5 16. Bxe6+ Bxe6 17. Rxe6 Bxg5 18. Rd1 Rad8 19. Rde1 Nf6 20. R6e5 Rfe8 21. Rxe8+ Rxe8 22. Rxe8+ Nxe8 23. f3 Bf6 24. Nd1 Nd6 25. b3 Kf7 26. Kf2 Bd4+ 27. Ke2 Ke6 28. Kd3 Kd5 29. a4 f4 30. a5 Nf5 31. Nc3+ Bxc3 32. Kxc3 Nh4 33. Kd3 Nxg2 34. h3 Ne1+ 35. Ke2 Nc2 36. Kf2 Nd4 37. b4 Kc4 38. h4 Kxb4 39. h5 Kxa5 40. Kg2 b5 41. Kf2 b4 42. Kg2 b3 43. Kf2 b2 44. Kg2 b1Q 45. Kf2 Qh1 46. h6 Qxf3+ 47. Kg1 Ne2+ 0-1

[Event "Hessen-ch U12"]
[Site "Bad Homburg"]
[Date "2013.??.??"]
[Round "3"]
[White "Schmidt, Sarah"]
[Black "Behrendt, Karl"]
[Result "1-0"]
[WhiteElo "1231"]
[BlackElo "860"]
[PlyCount "115"]
[EventDate "2013.03.??"]
[EventType "swiss"]
[EventRounds "9"]
[EventCountry "GER"]
[SourceTitle "EXT 2014"]
[Source "ChessBase"]
[SourceDate "2013.11.20"]
[SourceVersion "1"]
[SourceVersionDate "2013.11.20"]
[SourceQuality "1"]

1. e4 e5 2. Nf3 Nc6 3. Bb5 a6 4. Ba4 Bc5 5. 0-0 Nf6 6. d3 d6 7. h3 0-0 8. Bg5 h6 9. Bh4 Nd4 10. Nbd2 b5 11. Bb3 Nxb3 12. Nxb3 Be6 13. Nxc5 dxc5 14. Nxe5 c4 15. d4 g5 16. Bg3 Nxe4 17. Nc6 Qd7 18. Ne5 Qd5 19. c3 Nxg3 20. fxg3 c5 21. Nf3 Bc8 22. Re1 cxd4 23. Nxd4 Bb7 24. Nf3 Qxd1 25. Raxd1 Bxf3 26. gxf3 Rfe8 27. Kg2 Rad8 28. Rxe8+ Rxe8 29. Kf2 f5 30. Rd6 Kg7 31. Rxa6 Rd8 32. Ke3 Rd1 33. Rb6 Rd3+ 34. Ke2 Rd5 35. f4 gxf4 36. gxf4 h5 37. h4 Rc5 38. Re6 Rd5 39. Re5 Rxe5+ 40. fxe5 Kf7 41. Ke3 Ke6 42. Kf4 Kd5 43. Kxf5 Kc5 44. e6 Kd6 45. Kf6 Kd5 46. e7 Ke4 47. e8Q+ Kd3 48. Qxb5 Kc2 49. Qxc4 Kxb2 50. Qb3+ Kc1 51. c4 Kd2 52. Ke5 Ke2 53. Ke4 Kd2 54. Qd3+ Kc1 55. Qe2 Kb1 56. Kd3 Ka1 57. Kc3 Kb1 58. Qb2# 1-0

[Event "Hessen-ch U12"]
[Site "Bad Homburg"]
[Date "2013.??.??"]
[Round "5"]
[White "Schmidt, Sarah"]
[Black "Engert, Kiyan"]
[Result "1-0"]
[WhiteElo "1231"]
[BlackElo "945"]
[PlyCount "107"]
[EventDate "2013.03.??"]
[EventType "swiss"]
[EventRounds "9"]
[EventCountry "GER"]
[SourceTitle "EXT 2014"]
[Source "ChessBase"]
[SourceDate "2013.11.20"]
[SourceVersion "1"]
[SourceVersionDate "2013.11.20"]
[SourceQuality "1"]

1. e4 e5 2. Nf3 Nc6 3. c3 Bc5 4. d4 exd4 5. cxd4 Bb4+ 6. Bd2 Bxd2+ 7. Qxd2 d6 8. Bc4 h6 9. Nc3 Bg4 10. Qf4 Be6 11. d5 Nb4 12. dxe6 fxe6 13. 0-0 Qf6 14. Qxf6 Nxf6 15. Bxe6 Ke7 16. Bd5 Nfxd5 17. Nxd5+ Nxd5 18. exd5 h5 19. Rac1 Kd7 20. Rfe1 h4 21. h3 Rag8 22. Nd2 g5 23. Ne4 Rg6 24. Kh2 b6 25. g4 hxg3+ 26. fxg3 g4 27. h4 a5 28. a4 Rf8 29. Rf1 Rxf1 30. Rxf1 c6 31. Rf7+ Kc8 32. dxc6 d5 33. Rf6 Rxf6 34. Nxf6 Kc7 35. Nxd5+ Kxc6 36. Nxb6 Kxb6 37. h5 Kc5 38. h6 Kb4 39. h7 Kxa4 40. h8Q Kb4 41. Qc3+ Kb5 42. b3 a4 43. bxa4+ Kxa4 44. Qb2 Ka5 45. Kg2 Ka4 46. Kf2 Ka5 47. Qb7 Ka4 48. Qb6 Ka3 49. Qb5 Ka2 50. Qb4 Ka1 51. Ke2 Ka2 52. Kd2 Ka1 53. Kc2 Ka2 54. Qb2# 1-0

[Event "Hessen-ch U12"]
[Site "Bad Homburg"]
[Date "2013.??.??"]
[Round "2"]
[White "Wachsmann, Elmar"]
[Black "Schmidt, Sarah"]
[Result "1/2-1/2"]
[WhiteElo "758"]
[BlackElo "1231"]
[PlyCount "132"]
[EventDate "2013.03.??"]
[EventType "swiss"]
[EventRounds "9"]
[EventCountry "GER"]
[SourceTitle "EXT 2014"]
[Source "ChessBase"]
[SourceDate "2013.11.20"]
[SourceVersion "1"]
[SourceVersionDate "2013.11.20"]
[SourceQuality "1"]

1. d4 d5 2. c4 e5 3. e3 Nc6 4. Nc3 dxc4 5. Bxc4 exd4 6. exd4 Qxd4 7. Qxd4 Nxd4 8. Bb3 Bf5 9. Be3 Nxb3 10. axb3 a6 11. Nf3 Nf6 12. 0-0 Bd6 13. h3 0-0 14. Rac1 Be6 15. Bd4 Bf4 16. Rb1 Bxb3 17. Bxf6 gxf6 18. Ra1 Bc4 19. Rfe1 Be6 20. Ra4 Bd6 21. Ne4 Be7 22. Rc1 Bd7 23. Rac4 c6 24. Nh2 Be6 25. R4c3 Kh8 26. Nc5 Bxc5 27. Rxc5 Rad8 28. R1c2 Rd5 29. R5c3 Bf5 30. Re2 Re5 31. Rd2 Rfe8 32. f4 Re2 33. Rxe2 Rxe2 34. Rb3 Be4 35. Nf3 b5 36. Kf1 Bd5 37. Kxe2 Bxb3 38. Kd3 c5 39. Kc3 Bd1 40. Ne1 Kg7 41. Nd3 b4+ 42. Kd2 Bb3 43. Nxc5 Bd5 44. Nxa6 Bxg2 45. Nxb4 Bxh3 46. Nd3 Kg6 47. b4 Bg2 48. Ke3 Kf5 49. Ne1 Bc6 50. Nf3 Bxf3 51. Kxf3 h5 52. b5 Ke6 53. Kg3 Kd5 54. Kh4 Kc5 55. Kxh5 Kxb5 56. Kh6 f5 57. Kg7 Kc6 58. Kxf7 Kd7 59. Kf6 Ke8 60. Ke6 Kf8 61. Kf6 Ke8 62. Kxf5 Kf7 63. Kg5 Kg7 64. f5 Kf7 65. f6 Kf8 66. Kg6 Kg8 1/2-1/2

[Event "Hessen-ch U12"]
[Site "Bad Homburg"]
[Date "2012.??.??"]
[Round "8"]
[White "Kornilov, Alexander"]
[Black "Schmidt, Sarah"]
[Result "1-0"]
[WhiteElo "1198"]
[BlackElo "1099"]
[PlyCount "69"]
[EventDate "2012.04.??"]
[EventType "swiss"]
[EventRounds "9"]
[EventCountry "GER"]
[SourceTitle "EXT 2015"]
[Source "ChessBase"]
[SourceDate "2014.11.20"]
[SourceVersion "1"]
[SourceVersionDate "2014.11.20"]
[SourceQuality "1"]

1. Nf3 d5 2. d4 Nc6 3. Bf4 Bg4 4. e3 e6 5. c3 a6 6. Be2 Bd6 7. Bxd6 Qxd6 8. Nbd2 Nf6 9. h3 Bf5 10. Nf1 Ne4 11. Bd3 0-0 12. Bxe4 Bxe4 13. Ng3 Bxf3 14. Qxf3 e5 15. 0-0 exd4 16. exd4 Rfe8 17. Rfe1 g6 18. Qg4 Qf6 19. Qd7 Re7 20. Rxe7 Qxe7 21. Qxd5 Rd8 22. Qe4 Re8 23. Qxe7 Rxe7 24. Kf1 Na5 25. b3 b5 26. Re1 Rxe1+ 27. Kxe1 Kf8 28. Kd2 f5 29. Ne2 Ke7 30. Nc1 Kd6 31. Nd3 Nc6 32. Ke3 Ne7 33. c4 c6 34. Nc5 bxc4 35. bxc4 1-0

[Event "Hessen-ch U12"]
[Site "Bad Homburg"]
[Date "2012.??.??"]
[Round "5"]
[White "Schmidt, Sarah"]
[Black "Rogalski, Maximilian"]
[Result "1/2-1/2"]
[WhiteElo "1099"]
[BlackElo "972"]
[PlyCount "109"]
[EventDate "2012.04.??"]
[EventType "swiss"]
[EventRounds "9"]
[EventCountry "GER"]
[SourceTitle "EXT 2015"]
[Source "ChessBase"]
[SourceDate "2014.11.20"]
[SourceVersion "1"]
[SourceVersionDate "2014.11.20"]
[SourceQuality "1"]

1. e4 e5 2. Nf3 Nc6 3. c3 Nf6 4. d4 exd4 5. e5 Nd5 6. cxd4 Bb4+ 7. Bd2 d6 8. Bxb4 Ndxb4 9. Nc3 Bg4 10. Bb5 Bxf3 11. Bxc6+ Nxc6 12. Qxf3 Nxd4 13. Qe4 Ne6 14. exd6 Qxd6 15. Qxb7 0-0 16. 0-0 Qb6 17. Qxb6 cxb6 18. Rfd1 Rfd8 19. Ne2 Rac8 20. Rac1 Rxd1+ 21. Rxd1 Rc2 22. Rc1 Rxc1+ 23. Nxc1 Nd4 24. Nd3 Nc6 25. a3 Kf8 26. Kf1 Ke7 27. Ke2 Kf6 28. Ke3 h6 29. h4 g5 30. hxg5+ hxg5 31. g3 Kf5 32. f4 gxf4+ 33. gxf4 f6 34. b4 a6 35. a4 Ke6 36. b5 axb5 37. axb5 Na7 38. Nb2 Nxb5 39. Nc4 Nc3 40. Nxb6 Nd5+ 41. Nxd5 Kxd5 42. Kd3 f5 43. Ke3 Kc4 44. Ke2 Kd4 45. Kf3 Kd3 46. Kf2 Ke4 47. Kg3 Ke3 48. Kg2 Kxf4 49. Kf2 Ke4 50. Ke2 f4 51. Kf2 f3 52. Kf1 Ke3 53. Ke1 f2+ 54. Kf1 Kd4 55. Kxf2 1/2-1/2

[Event "Hessen-ch U12"]
[Site "Bad Homburg"]
[Date "2012.??.??"]
[Round "1"]
[White "Schmidt, Sarah"]
[Black "Stankoski, Aleksandr"]
[Result "1-0"]
[WhiteElo "1099"]
[BlackElo "789"]
[PlyCount "65"]
[EventDate "2012.04.??"]
[EventType "swiss"]
[EventRounds "9"]
[EventCountry "GER"]
[SourceTitle "EXT 2015"]
[Source "ChessBase"]
[SourceDate "2014.11.20"]
[SourceVersion "1"]
[SourceVersionDate "2014.11.20"]
[SourceQuality "1"]

1. e4 e5 2. Nf3 Nc6 3. c3 Bc5 4. d4 exd4 5. cxd4 Bb4+ 6. Bd2 Nf6 7. Bxb4 Nxb4 8. Nc3 0-0 9. a3 Nc6 10. d5 Na5 11. b4 c6 12. bxa5 Qxa5 13. Qd2 cxd5 14. Nxd5 Qxd2+ 15. Nxd2 Nxd5 16. exd5 d6 17. Ne4 Re8 18. f3 f5 19. Bb5 Re7 20. Bd3 fxe4 21. fxe4 Bf5 22. 0-0 Bxe4 23. Rfe1 Rae8 24. Bb5 Rf8 25. Re2 Rf4 26. Rae1 Re5 27. Re3 Rg4 28. g3 a6 29. Bd7 Rgg5 30. Rxe4 Rxe4 31. Rxe4 Rxd5 32. Be6+ Kf8 33. Bxd5 1-0

[Event "GER-ch U10"]
[Site "Oberhof"]
[Date "2011.06.13"]
[Round "4"]
[White "Schmidt, Sarah"]
[Black "Shoipov, Dennie"]
[Result "0-1"]
[WhiteElo "1032"]
[BlackElo "1336"]
[PlyCount "102"]
[EventDate "2011.06.11"]
[EventType "swiss"]
[EventRounds "11"]
[EventCountry "GER"]
[SourceTitle "CBM 142 Extra"]
[Source "ChessBase"]
[SourceDate "2011.06.27"]
[SourceVersion "1"]
[SourceVersionDate "2011.06.27"]
[SourceQuality "1"]

1. e4 e5 2. Nf3 Nc6 3. Bb5 Bc5 4. 0-0 d6 5. Nc3 Nf6 6. Bxc6+ bxc6 7. h3 Be6 8. d3 0-0 9. Bg5 h6 10. Bh4 Bb6 11. Re1 c5 12. Nd5 Bxd5 13. exd5 c6 14. dxc6 Qe7 15. c3 Ba5 16. d4 cxd4 17. Nxd4 Qd8 18. Nb3 Bb6 19. Qd2 Qe7 20. Rad1 Qe6 21. Qxd6 Qc4 22. Bxf6 Qf4 23. Re2 Qxf6 24. Qxf6 gxf6 25. Rd6 Kg7 26. Re4 f5 27. Rxe5 Bc7 28. Rdd5 Bxe5 29. Rxe5 Rfe8 30. f4 Kf6 31. Rxe8 Rxe8 32. a4 Ke7 33. Na5 Kd6 34. g3 Kc7 35. g4 fxg4 36. hxg4 Rg8 37. b4 Rxg4+ 38. Kf2 Rxf4+ 39. Ke3 Rg4 40. Kf3 f5 41. c4 h5 42. b5 h4 43. c5 h3 44. Nb7 h2 45. Nd6 h1Q+ 46. Kf2 Rf4+ 47. Ke2 Qf3+ 48. Kd2 Rd4+ 49. Kc2 Qd3+ 50. Kb2 Rb4+ 51. Ka2 Qc2+ 0-1

[Event "GER-ch U10"]
[Site "Oberhof"]
[Date "2011.06.12"]
[Round "2"]
[White "Heckmann, Till"]
[Black "Schmidt, Sarah"]
[Result "1-0"]
[WhiteElo "1157"]
[BlackElo "1032"]
[PlyCount "81"]
[EventDate "2011.06.11"]
[EventType "swiss"]
[EventRounds "11"]
[EventCountry "GER"]
[SourceTitle "CBM 142 Extra"]
[Source "ChessBase"]
[SourceDate "2011.06.27"]
[SourceVersion "1"]
[SourceVersionDate "2011.06.27"]
[SourceQuality "1"]

1. e4 d5 2. exd5 Nf6 3. d4 Nxd5 4. Nf3 Bg4 5. Be2 Nc6 6. c4 Nf6 7. Bg5 h6 8. Bxf6 exf6 9. 0-0 Qd6 10. Qd2 Bxf3 11. Bxf3 Nxd4 12. Rd1 Nxf3+ 13. gxf3 Qxd2 14. Rxd2 Bb4 15. Re2+ Be7 16. Nc3 Rd8 17. Rae1 Rd7 18. Nd5 Kd8 19. Rxe7 Rxe7 20. Rxe7 c6 21. Rxb7 cxd5 22. Rb8+ Kd7 23. Rxh8 dxc4 24. Rh7 a5 25. Rxg7 a4 26. Rxf7+ Kd6 27. Rxf6+ Kd5 28. Kf1 Kd4 29. Ke2 h5 30. Ra6 a3 31. Rxa3 Kd5 32. Ra5+ Kd4 33. Rxh5 c3 34. bxc3+ Kxc3 35. Ke3 Kc2 36. Rc5+ Kd1 37. Kd3 Ke1 38. f4 Kxf2 39. Ke4 Kg2 40. Rg5+ Kf2 41. f5 1-0

[Event "GER-ch U10"]
[Site "Oberhof"]
[Date "2011.06.12"]
[Round "1"]
[White "Schmidt, Sarah"]
[Black "Tong, Kevin"]
[Result "0-1"]
[WhiteElo "1032"]
[BlackElo "1345"]
[PlyCount "114"]
[EventDate "2011.06.11"]
[EventType "swiss"]
[EventRounds "11"]
[EventCountry "GER"]
[SourceTitle "CBM 142 Extra"]
[Source "ChessBase"]
[SourceDate "2011.06.27"]
[SourceVersion "1"]
[SourceVersionDate "2011.06.27"]
[SourceQuality "1"]

1. e4 c5 2. Nf3 d6 3. c3 Nc6 4. Bb5 Nf6 5. e5 dxe5 6. Nxe5 Qc7 7. Nxc6 bxc6 8. Bc4 e6 9. d4 cxd4 10. cxd4 Bd6 11. Nc3 0-0 12. Bg5 Nd5 13. Bxd5 exd5 14. Rc1 Re8+ 15. Be3 Qb6 16. 0-0 Qb8 17. g3 Bh3 18. Re1 Qd8 19. Qh5 Qd7 20. a3 Bg4 21. Qh4 h6 22. Bxh6 gxh6 23. Qxh6 Bf8 24. Qg5+ Bg7 25. b4 Qf5 26. Qxf5 Bxf5 27. b5 Rxe1+ 28. Rxe1 Bxd4 29. Ne2 Bc5 30. bxc6 Rc8 31. Rc1 Bxa3 32. Rc3 Bb4 33. Rc1 Bd3 34. Nd4 Bc4 35. f4 Bc5 36. Rd1 Rxc6 37. Kg2 Bxd4 38. Rxd4 a5 39. Rd2 a4 40. Rd1 a3 41. Ra1 a2 42. Kf2 Rb6 43. Rxa2 Bxa2 44. h4 f5 45. Kf3 Rb3+ 46. Kf2 d4 47. h5 Kg7 48. Ke2 Rxg3 49. Kf2 d3 50. Kxg3 d2 51. Kf3 d1Q+ 52. Kf2 Bc4 53. Kg2 Qf1+ 54. Kg3 Be2 55. Kh2 Bf3 56. Kg3 Qg2+ 57. Kh4 Qg4# 0-1